000 00507nam a2200181Ia 4500
005 20250326124910.0
008 250326s9999 xx 000 0 und d
037 _aTextbook
040 _aFMSL
_beng
_cFMSL
041 _aeng
_2eng
084 _aX:8F J91
_qFMSL
100 _aWilliam W P
_9738182
245 0 _aFundamental accounting principles
_cWilliam W P; White J A
260 _aUSA
_bUSA, Richard d Irwin
_c1959
300 _a753p
942 _cTB
_hX:8F J91
999 _c1275692
_d1275692